| 000 | 00826cam a2200253 4500 | ||
|---|---|---|---|
| 008 | 090401t1996 xxu||||| |||| 00| 0 eng d | ||
| 020 | _a1898001111 | ||
| 035 | _a(Sirsi) u27005 | ||
| 041 | _aeng | ||
| 050 | _a346.410434 | ||
| 100 | _aKilpatrick, Alyson | ||
| 245 | _aRepairs and maintenance : law and practice in the management of social housing. | ||
| 260 |
_aLondon _bLemos & Crane _c1996 |
||
| 300 | _axx,220p. ; 21cm. | ||
| 350 | _a16.95 | ||
| 490 |
_aArden`s Housing Library _v5 |
||
| 520 | _aAimed at the managers of social rented housing, this book provides an outline of the legal obligations for both landlords and tenants. | ||
| 650 | _aDISREPAIR | ||
| 650 |
_aLANDLORD AND TENANT _96252 |
||
| 650 | _aSOCIAL HOUSING | ||
| 690 | _aPROPERTY-LANDLORD AND TENANT | ||
| 942 | _n0 | ||
| 948 | _c04/03/1997 | ||
| 999 |
_c89026 _d89026 |
||